00547nam a22001697a 450000500170000001000150001702000260003202000230005803500130008103700130009410000180010724500900012526000460021527000400026130000260030150000500032720140501152201.0 aENG-109841 a9789351480068c480.00 a9351480062c480.00 aEN-93374 bDBAD/PUB aAlva,Reginald00aThe sprirituality of the catholic charismaticrenewal movement /cby Reginald alva,SVD aNew DelhibChristian World Imprintsc2014 aH-12, Bali NagarbNew Delhie110015 aXIX,188p. :c22cm(Hb) aIncludes bibliographical references and index